Historias infames : los maltratos en las relaciones /

La violencia familiar es un problema social, sólo abordable a partir de una concepción multidisciplinaria y desde una actitud de cuestionamiento y revisión de "saberes" que nos abarcan a todos, como miembros responsables de la construcción de nuestra cultura. Dado que se trata de un fenómeno repetit...

Full description

Bibliographic Details
Main Author: Ravazzola, María Cristina
Format: Libro
Language:Spanish
Published: Buenos Aires Paidós 2005
Edition:1a. ed.
Series:Terapia familiar 71
Subjects:
Online Access:

MARC

LEADER 00000cam a2200000 a 4500
001 013339
003 UAHC_CL
005 20170803121016.0
008 070424b2005 ag 000 spa
020 |a 950124671X 
040 |a UAHC_CL  |c UAHC_CL  |d UAHC_CL 
100 1 |a Ravazzola, María Cristina 
245 1 0 |a Historias infames :  |b los maltratos en las relaciones /  |c María Cristina Ravazzola. 
250 |a 1a. ed. 
260 |b Paidós  |a Buenos Aires  |c 2005 
300 |a 288 p. 
490 0 |a Terapia familiar  |v 71 
520 |a La violencia familiar es un problema social, sólo abordable a partir de una concepción multidisciplinaria y desde una actitud de cuestionamiento y revisión de "saberes" que nos abarcan a todos, como miembros responsables de la construcción de nuestra cultura. Dado que se trata de un fenómeno repetitivo, diferente de los actos aislados de violencia, vale la pena que nos preguntemos cuáles son los factores que facilitan que se reproduzca. Esta obra se centra, por lo tanto, en los principios jerárquicos propios de organizaciones autoritarias vigentes, tanto en el orden público como en el cotidiano intrafamiliar, y enfatiza la necesidad de estudiar estos campos, su problematización y su complejidad. La autora se apoya en paradigmas que definen al ser humano como ser social complejo y analiza diversas conductas y fenómenos de la comunicación, así como ciertas emociones que desempeñan un papel determinante en la consistencia de estos circuitos, al impedir el registro, la conciencia y la práctica autorreflexiva de los actores sociales implicados. 
521 |a Psicoterapia sistémica 
650 4 |a VIOLENCIA CONYUGAL 
650 4 |a VIOLENCIA INTRAFAMILIAR 
650 4 |a MUJERES MALTRATADAS 
653 |a PSICOLOGIA 
658 |a Gorostegui, María Elena 
900 |a 362.8292 RAV 
942 |c BK 
952 |0 0  |1 0  |4 0  |6 362_829200000000000_RAV  |7 0  |8 General  |9 26883  |a BC  |b BC  |c General  |d 2017-08-03  |l 0  |o 362.8292 RAV  |p 1358197  |r 2026-01-13 00:00:00  |t 1  |w 2017-08-03  |y BK 
952 |0 0  |1 0  |4 0  |6 362_829200000000000_RAV  |7 0  |8 General  |9 26884  |a BC  |b BC  |c General  |d 2017-08-03  |l 1  |o 362.8292 RAV  |p 1358198  |r 2026-01-13 00:00:00  |s 2019-06-19  |t 2  |w 2017-08-03  |y BK 
999 |c 13339  |d 13339